Statistics for 15 Largest Cities in Comoros🇰🇲

Click here to take the quiz!

General Stats

  • This quiz has been taken 9 times
  • The average score is 5 of 15

Answer Stats

PopulationCity% Correct
42kMoroni
100%
14kDomoni
43%
14kFomboni
43%
10kSima
43%
6kMbeni
29%
10kMirontsi
29%
6kMitsamiouli
29%
7kMoya
29%
10kOuani
29%
10kAdda-Doueni
14%
6kBarakani
14%
8kKoni-Djodjo
14%
8kMkiriwadjumoi
14%
23kMoutsamoudou
14%
12kTsimbeo
14%

Score Distribution

Percentile by Number Answered

Percent of People with Each Score

Your Score History

You have not taken this quiz